Types of Ship Quiz - Statistics

General Stats
  • This quiz has been taken 104 times
  • The average score is 6 of 13
Answer Stats
Picture Answer % Correct
Cruise
91%
Container
83%
Hospital
61%
Oil Tanker
61%
Tug
57%
Ferry
53%
Sailing
41%
Bulk Carrier
32%
Reefer
23%
Heavy Lift
21%
Car Carrier
19%
LPG Tanker
8%
Offshore Supply
5%
No matching quizzes found
Score Distribution
Percent of People with Each Score
Percentile by Number Answered
Your Score History
You have not taken this quiz